| 000 | 00702nam a2200205 4500 | ||
|---|---|---|---|
| 001 | 139925 | ||
| 003 | ES-MaACL | ||
| 005 | 20230906195940.0 | ||
| 007 | t| | ||
| 008 | 070214s1981 sp r ||||1| spa d | ||
| 100 | 1 |
_aScholes, Robert. _9104629 |
|
| 245 | 1 | 0 |
_aIntroducción al estructuralismo en la literatura / _cRobert Scholes ; versión de Carlos Martín Baró. |
| 260 |
_a[S.l.] : _bMadrid, _cGredos ( _f1981) |
||
| 300 |
_a308 p. ; _c19 cm. |
||
| 490 | 1 |
_aBiblioteca universitaria Gredos. Manuales ; _v18 |
|
| 700 | 1 |
_aMartín Baró, Carlos. _977407 |
|
| 830 | 0 |
_aBiblioteca universitaria Gredos. Manuales ; _v18 _9187161 |
|
| 852 |
_aES-MaACL _jL-1729 _bR.102061 |
||
| 999 |
_c139925 _d139925 |
||